[Event "Wch U16 Girls"]
[Site "Montevideo"]
[Date "2017.09.20"]
[Round "5"]
[White "Blond Hanten, Elsa"]
[Black "Pandey, Ritika"]
[Result "1/2-1/2"]
[WhiteElo "1732"]
[BlackElo "1652"]
[PlyCount "90"]
[EventDate "2017.09.17"]
[EventType "swiss"]
[EventRounds "11"]
[EventCountry "URU"]
[SourceTitle "CBM 180 Extra"]
[Source "ChessBase"]
[SourceDate "2017.10.06"]
[SourceVersion "1"]
[SourceVersionDate "2017.10.06"]
[SourceQuality "1"]

1. e4 e5 2. Nf3 Nc6 3. Bc4 Nf6 4. d3 Bc5 5. 0-0 0-0 6. c3 d5 7. exd5 Nxd5 8. Re1 Bg4 9. h3 Bh5 10. b4 Bb6 11. Bxd5 Qxd5 12. c4 Bxf3 13. cxd5 Bxd1 14. dxc6 Bd4 15. cxb7 Rab8 16. Rxd1 Bxa1 17. Nd2 Bc3 18. Nc4 Rxb7 19. a3 Bd4 20. Bd2 Rd8 21. Rc1 c5 22. bxc5 Bxc5 23. Nxe5 Bxa3 24. Rd1 f6 25. Ba5 Rd5 26. Nc4 Bb4 27. Rb1 Rxd3 28. Rxb4 Rxb4 29. Bxb4 Rd4 30. Bc5 Rxc4 31. Bxa7 Kf7 32. g3 Kg6 33. Kg2 h5 34. h4 Kf5 35. Kh3 Rc3 36. Be3 Rd3 37. Bc5 Ke4 38. Kg2 Rf3 39. Be7 Rf5 40. Bd8 Kd3 41. Bb6 Ke2 42. Be3 g5 43. hxg5 fxg5 44. g4 hxg4 45. Kg3 Rf4 1/2-1/2

[Event "Wch U16 Girls"]
[Site "Montevideo"]
[Date "2017.09.19"]
[Round "4"]
[White "Pandey, Ritika"]
[Black "Hunt, Fikirte"]
[Result "1/2-1/2"]
[WhiteElo "1652"]
[BlackElo "1855"]
[PlyCount "75"]
[EventDate "2017.09.17"]
[EventType "swiss"]
[EventRounds "11"]
[EventCountry "URU"]
[SourceTitle "CBM 180 Extra"]
[Source "ChessBase"]
[SourceDate "2017.10.06"]
[SourceVersion "1"]
[SourceVersionDate "2017.10.06"]
[SourceQuality "1"]

1. e4 c5 2. Nf3 d6 3. d4 cxd4 4. Nxd4 Nf6 5. Nc3 a6 6. f3 e5 7. Nb3 Be6 8. Be3 Be7 9. Qd2 0-0 10. 0-0-0 a5 11. Kb1 Nc6 12. Nd5 Bxd5 13. exd5 Nb4 14. c4 Qd7 15. Bd3 Nxa2 16. Nc5 dxc5 17. Kxa2 Rfd8 18. Qc2 b5 19. d6 Bxd6 20. cxb5 h6 21. g4 Qb7 22. Qf2 Rab8 23. g5 Nd5 24. gxh6 Nb4+ 25. Kb1 Nxd3 26. Rxd3 Qxb5 27. Rhd1 Be7 28. Rxd8+ Rxd8 29. Rxd8+ Bxd8 30. hxg7 Qd3+ 31. Ka2 c4 32. Qd2 Qb3+ 33. Kb1 Be7 34. Ka1 a4 35. Bc5 Bxc5 36. Qd8+ Kxg7 37. Qg5+ Kh7 38. Qh5+ 1/2-1/2

[Event "Wch U14 Girls"]
[Site "Khanty-Mansiysk"]
[Date "2016.09.30"]
[Round "8"]
[White "Schulze, Lara"]
[Black "Pandey, Ritika"]
[Result "1-0"]
[WhiteElo "2034"]
[BlackElo "1641"]
[PlyCount "123"]
[EventDate "2016.09.22"]
[EventType "swiss"]
[EventRounds "11"]
[EventCountry "RUS"]
[SourceTitle "EXT 2017"]
[Source "ChessBase"]
[SourceDate "2016.10.25"]
[SourceVersion "1"]
[SourceVersionDate "2016.10.25"]
[SourceQuality "1"]

1. e4 e5 2. Nf3 Nc6 3. Nc3 Nf6 4. d4 exd4 5. Nxd4 Bb4 6. Nxc6 bxc6 7. Bd3 0-0 8. 0-0 d5 9. exd5 cxd5 10. h3 h6 11. Qf3 c6 12. Bf4 Bd6 13. Rfe1 Be6 14. Na4 Rb8 15. b3 Qc7 16. Bxd6 Qxd6 17. Qe3 d4 18. Qe5 Rbd8 19. Re2 Qb4 20. Qc5 Qxc5 21. Nxc5 Rfe8 22. a4 Rd5 23. b4 Kf8 24. Na6 Bf5 25. Rxe8+ Nxe8 26. Bxf5 Rxf5 27. Nb8 c5 28. Nd7+ Ke7 29. Nxc5 Re5 30. Nb3 Rd5 31. Re1+ Kd7 32. Rd1 Nc7 33. Kf1 Ne6 34. c4 Rd6 35. c5 Rd5 36. g3 f5 37. Ke2 f4 38. g4 g5 39. Kd3 Re5 40. Kc4 Kc7 41. Rd3 Re2 42. f3 Ra2 43. Kd5 Nd8 44. Nxd4 Rxa4 45. b5 Ra5 46. Rb3 Ra1 47. Nf5 Rd1+ 48. Nd4 Ra1 49. Rd3 Ra5 50. Kc4 Ra1 51. Kb4 Kc8 52. Ra3 Rxa3 53. Kxa3 Nf7 54. Nc6 Kb7 55. Kb4 Ka8 56. Kc4 Kb7 57. Kd5 a6 58. b6 Kc8 59. Ke6 Nd8+ 60. Nxd8 Kxd8 61. c6 a5 62. Kd5 1-0

[Event "Wch U14 Girls"]
[Site "Khanty-Mansiysk"]
[Date "2016.09.25"]
[Round "4"]
[White "Ulziikhishigjargal, Ochirkhuyag"]
[Black "Pandey, Ritika"]
[Result "1-0"]
[WhiteElo "1888"]
[BlackElo "1641"]
[PlyCount "71"]
[EventDate "2016.09.22"]
[EventType "swiss"]
[EventRounds "11"]
[EventCountry "RUS"]
[SourceTitle "EXT 2017"]
[Source "ChessBase"]
[SourceDate "2016.10.25"]
[SourceVersion "1"]
[SourceVersionDate "2016.10.25"]
[SourceQuality "1"]

1. e4 e5 2. Nf3 Nc6 3. Bc4 Bc5 4. c3 Nf6 5. b4 Bb6 6. d3 0-0 7. a4 a6 8. Ba2 d5 9. Qe2 Re8 10. Bg5 d4 11. b5 axb5 12. axb5 Nb8 13. Bxf7+ Kxf7 14. Rxa8 Nbd7 15. cxd4 exd4 16. 0-0 h6 17. Bh4 Kg8 18. e5 Kh8 19. exf6 Nxf6 20. Bxf6 gxf6 21. Qd2 Kh7 22. Re1 Rg8 23. Rxc8 Qxc8 24. Re7+ Rg7 25. Rxg7+ Kxg7 26. Qf4 Qe6 27. Nbd2 Qd5 28. Ne4 f5 29. Ng3 Qe6 30. Nxf5+ Kh7 31. N5xd4 Bxd4 32. Qxd4 Qf5 33. Ne5 c6 34. bxc6 bxc6 35. Nxc6 Qe6 36. Qe4+ 1-0

[Event "Wch U14 Girls"]
[Site "Porto Carras"]
[Date "2015.10.25"]
[Round "1"]
[White "Kalaiyalahan, Akshaya"]
[Black "Pandey, Ritika"]
[Result "1-0"]
[WhiteElo "2233"]
[BlackElo "1708"]
[PlyCount "71"]
[EventDate "2015.10.25"]
[EventType "swiss"]
[EventRounds "11"]
[EventCountry "GRE"]
[SourceTitle "CBM 169 Extra"]
[Source "ChessBase"]
[SourceDate "2015.12.18"]
[SourceVersion "1"]
[SourceVersionDate "2015.12.18"]
[SourceQuality "1"]

1. d4 d5 2. Nf3 Nf6 3. c4 e6 4. g3 dxc4 5. Qa4+ Nbd7 6. Bg2 a6 7. Qxc4 Rb8 8. 0-0 b5 9. Qc2 Bb7 10. Bf4 Nd5 11. Bd2 c5 12. Bg5 Qb6 13. dxc5 Bxc5 14. e4 Nb4 15. Qe2 0-0 16. Nc3 Rfe8 17. Rad1 Nf8 18. a3 Nc6 19. b4 Be7 20. Be3 Qc7 21. Bf4 e5 22. Nd5 Qd6 23. Be3 Rbd8 24. Bb6 Qb8 25. Bc7 Qc8 26. Bxd8 Bxd8 27. Rc1 Qe6 28. Rfd1 Nd4 29. Nxd4 exd4 30. Qd3 Nd7 31. Qxd4 Qe5 32. Qa7 Qb8 33. Qxb8 Nxb8 34. Nc7 Rf8 35. e5 Bxg2 36. Kxg2 1-0